[Event "13th Khazar International Open Chess Tournament - "]
[Site "Rasht, Iran"]
[Date "2015.02.14"]
[Round "6"]
[Board "9"]
[White "Pourkashiyan, Atousa"]
[Black "Bagheri, Maziar"]
[Result "0-1"]
[WhiteElo "2361"]
[BlackElo "2188"]
[PlyCount "0"]
[EventDate "2015.02.11"]
[EventRounds "9"]
[EventCountry "IRI"]

1. e4 {[%clk 1:30:53]} e5 {[%clk 1:30:55]} 2. Nf3 {[%clk 1:31:13]} Nc6
{[%clk 1:31:23]} 3. Bb5 {[%clk 1:31:35]} a6 {[%clk 1:31:44]} 4. Ba4
{[%clk 1:31:57]} Nf6 {[%clk 1:32:08]} 5. O-O {[%clk 1:32:17]} Be7
{[%clk 1:32:34]} 6. Re1 {[%clk 1:32:37]} b5 {[%clk 1:33:00]} 7. Bb3
{[%clk 1:33:02]} O-O {[%clk 1:33:17]} 8. a4 {[%clk 1:33:21]} b4 {[%clk 1:33:26]}
9. d4 {[%clk 1:33:42]} d6 {[%clk 1:32:53]} 10. dxe5 {[%clk 1:33:46]} Nxe5
{[%clk 1:31:45]} 11. Nbd2 {[%clk 1:18:32]} Bg4 {[%clk 1:22:11]} 12. h3
{[%clk 1:16:35]} Bh5 {[%clk 1:21:33]} 13. Qe2 {[%clk 1:16:12]} Re8
{[%clk 1:18:17]} 14. g4 {[%clk 1:07:13]} Nxf3+ {[%clk 1:17:08]} 15. Qxf3
{[%clk 0:57:43]} Bg6 {[%clk 1:17:29]} 16. Nf1 {[%clk 0:51:34]} c6
{[%clk 1:09:16]} 17. Ng3 {[%clk 0:40:08]} d5 {[%clk 1:08:40]} 18. exd5
{[%clk 0:40:26]} cxd5 {[%clk 1:06:31]} 19. Be3 {[%clk 0:40:12]} Qa5
{[%clk 0:55:10]} 20. Nf5 {[%clk 0:35:17]} Bf8 {[%clk 0:54:58]} 21. Bd4
{[%clk 0:33:57]} Re6 {[%clk 0:44:54]} 22. Nh6+ {[%clk 0:22:28]} Kh8
{[%clk 0:44:24]} 23. Nxf7+ {[%clk 0:17:25]} Bxf7 {[%clk 0:43:27]} 24. Rxe6
{[%clk 0:17:52]} Bxe6 {[%clk 0:42:38]} 25. Bxf6 {[%clk 0:18:20]} Bc5
{[%clk 0:42:15]} 26. Re1 {[%clk 0:13:16]} Qb6 {[%clk 0:41:34]} 27. a5
{[%clk 0:13:13]} Qc6 {[%clk 0:41:14]} 28. Qe2 {[%clk 0:09:46]} Bg8
{[%clk 0:40:32]} 29. Be5 {[%clk 0:07:26]} Rf8 {[%clk 0:40:15]} 30. Bg3
{[%clk 0:07:55]} Qf6 {[%clk 0:40:04]} 31. Kg2 {[%clk 0:07:45]} h6
{[%clk 0:38:11]} 32. f4 {[%clk 0:07:45]} Bf7 {[%clk 0:36:16]} 33. f5
{[%clk 0:05:29]} Qc6 {[%clk 0:34:45]} 34. Kh2 {[%clk 0:05:27]} Bd4
{[%clk 0:34:11]} 35. Qe7 {[%clk 0:05:33]} Qc8 {[%clk 0:29:24]} 36. Rd1
{[%clk 0:03:52]} Bxb2 {[%clk 0:27:41]} 37. Bd6 {[%clk 0:03:57]} Re8
{[%clk 0:27:46]} 38. Qxf7 {[%clk 0:04:17]} Re2+ {[%clk 0:27:53]} 39. Kg3
{[%clk 0:01:53]} Qc3+ {[%clk 0:26:06]} 40. Kh4 {[%clk 0:02:17]} Qe3
{[%clk 0:22:29]} 41. Qxd5 {[%clk 0:01:29]} Bf6+ {[%clk 0:22:26]} 0-1

[Event "13th Khazar International Open Chess Tournament - "]
[Site "Rasht, Iran"]
[Date "2015.02.14"]
[Round "6"]
[Board "10"]
[White "Papin, Vasily"]
[Black "Zeynalli, Rashad"]
[Result "0-1"]
[WhiteElo "2515"]
[BlackElo "2121"]
[PlyCount "0"]
[EventDate "2015.02.11"]
[EventRounds "9"]
[EventCountry "IRI"]

1. d4 {[%clk 1:30:56]} d5 {[%clk 1:30:00]} 2. Nf3 {[%clk 1:31:10]} Nc6
{[%clk 1:25:47]} 3. c4 {[%clk 1:30:55]} Bg4 {[%clk 1:26:09]} 4. Nc3
{[%clk 1:30:21]} e6 {[%clk 1:23:49]} 5. e3 {[%clk 1:22:19]} Bb4 {[%clk 1:18:15]}
6. a3 {[%clk 1:18:41]} Bxc3+ {[%clk 1:16:21]} 7. bxc3 {[%clk 1:17:19]} Nge7
{[%clk 1:15:35]} 8. cxd5 {[%clk 1:16:40]} exd5 {[%clk 1:12:30]} 9. Bd3
{[%clk 1:08:42]} Qd6 {[%clk 1:10:05]} 10. a4 {[%clk 1:05:47]} Qf6
{[%clk 1:04:55]} 11. Ba3 {[%clk 1:01:12]} a6 {[%clk 1:00:54]} 12. c4
{[%clk 1:00:05]} dxc4 {[%clk 0:56:55]} 13. Bxc4 {[%clk 1:00:27]} O-O
{[%clk 0:55:43]} 14. h3 {[%clk 0:55:46]} Bf5 {[%clk 0:52:14]} 15. O-O
{[%clk 0:54:46]} Rfd8 {[%clk 0:51:47]} 16. Qe2 {[%clk 0:53:08]} Nd5
{[%clk 0:48:25]} 17. Rfc1 {[%clk 0:50:50]} Nb6 {[%clk 0:45:44]} 18. Bb3
{[%clk 0:51:13]} Re8 {[%clk 0:43:37]} 19. Bb2 {[%clk 0:42:51]} Na5
{[%clk 0:34:13]} 20. Bd1 {[%clk 0:42:52]} Nd5 {[%clk 0:32:34]} 21. Rc5
{[%clk 0:38:44]} Nf4 {[%clk 0:32:27]} 22. Qd2 {[%clk 0:39:08]} b6
{[%clk 0:32:48]} 23. Rxc7 {[%clk 0:31:29]} Nxh3+ {[%clk 0:28:39]} 24. Kf1
{[%clk 0:30:06]} Ng5 {[%clk 0:25:55]} 25. Nxg5 {[%clk 0:25:16]} Qxg5
{[%clk 0:26:21]} 26. Qc3 {[%clk 0:19:56]} Rac8 {[%clk 0:24:02]} 27. Be2
{[%clk 0:09:48]} Rxc7 {[%clk 0:17:08]} 28. Qxc7 {[%clk 0:10:16]} Be4
{[%clk 0:16:51]} 29. f3 {[%clk 0:07:03]} Bb7 {[%clk 0:16:07]} 30. e4
{[%clk 0:07:06]} Nb3 {[%clk 0:10:48]} 31. Qxb7 {[%clk 0:07:20]} Nxa1
{[%clk 0:09:31]} 32. Qc6 {[%clk 0:07:41]} Rb8 {[%clk 0:09:09]} 33. Bxa1
{[%clk 0:07:27]} b5 {[%clk 0:09:38]} 34. axb5 {[%clk 0:01:35]} axb5
{[%clk 0:10:07]} 35. Bb2 {[%clk 0:00:37]} b4 {[%clk 0:04:55]} 36. Qd6
{[%clk 0:00:56]} Rc8 {[%clk 0:03:36]} 37. Qxb4 {[%clk 0:01:22]} h5
{[%clk 0:04:05]} 38. Bd3 {[%clk 0:00:35]} Qe3 {[%clk 0:04:20]} 39. Qa3
{[%clk 0:00:52]} h4 {[%clk 0:03:53]} 40. Be2 {[%clk 0:00:33]} Qd2
{[%clk 0:04:02]} 41. Ba1 {[%clk 0:00:35]} Rc1+ {[%clk 0:04:12]} 42. Kf2
{[%clk 0:01:01]} Qe1+ {[%clk 0:04:05]} 43. Ke3 {[%clk 0:01:23]} Rxa1
{[%clk 0:04:29]} 44. Qb2 {[%clk 0:01:24]} Rb1 {[%clk 0:03:50]} 45. Qa2
{[%clk 0:01:13]} Qc1+ {[%clk 0:03:20]} 46. Kd3 {[%clk 0:01:28]} Ra1
{[%clk 0:03:30]} 0-1

[Event "13th Khazar International Open Chess Tournament - "]
[Site "Rasht, Iran"]
[Date "2015.02.16"]
[Round "7"]
[Board "1"]
[White "Sharbaf, Mohsen"]
[Black "Stopa, Jacek"]
[Result "0-1"]
[WhiteElo "2350"]
[BlackElo "2540"]
[PlyCount "0"]
[EventDate "2015.02.11"]
[EventRounds "9"]
[EventCountry "IRI"]

1. Nf3 {[%clk 1:30:04]} c5 {[%clk 1:22:46]} 2. e3 {[%clk 1:29:32]} g6
{[%clk 1:20:37]} 3. Be2 {[%clk 1:29:49]} Bg7 {[%clk 1:20:45]} 4. O-O
{[%clk 1:30:11]} Nf6 {[%clk 1:20:20]} 5. b3 {[%clk 1:30:32]} O-O {[%clk 1:20:32]}
6. Bb2 {[%clk 1:30:58]} b6 {[%clk 1:18:54]} 7. a4 {[%clk 1:29:35]} Nc6
{[%clk 1:17:59]} 8. Ne5 {[%clk 1:26:24]} Nxe5 {[%clk 1:14:13]} 9. Bxe5
{[%clk 1:26:21]} d6 {[%clk 1:09:58]} 10. Bc3 {[%clk 1:20:42]} a6 {[%clk 1:08:36]}
11. Bf3 {[%clk 1:15:50]} Ra7 {[%clk 1:05:37]} 12. b4 {[%clk 1:15:33]} Re8
{[%clk 0:57:13]} 13. Na3 {[%clk 1:13:48]} cxb4 {[%clk 0:55:20]} 14. Bxb4
{[%clk 1:12:00]} d5 {[%clk 0:55:45]} 15. c4 {[%clk 1:09:02]} e5 {[%clk 0:51:03]}
16. d3 {[%clk 0:47:38]} e4 {[%clk 0:42:56]} 17. dxe4 {[%clk 0:43:41]} dxe4
{[%clk 0:42:36]} 18. Be2 {[%clk 0:43:39]} Nd7 {[%clk 0:40:19]} 19. Ra2
{[%clk 0:42:29]} Qg5 {[%clk 0:40:28]} 20. Qb1 {[%clk 0:40:35]} Nc5
{[%clk 0:36:29]} 21. f4 {[%clk 0:37:22]} exf3 {[%clk 0:35:40]} 22. Bxf3
{[%clk 0:37:40]} Bf5 {[%clk 0:31:46]} 23. Nc2 {[%clk 0:34:15]} Bd3
{[%clk 0:29:23]} 24. a5 {[%clk 0:33:37]} b5 {[%clk 0:28:16]} 25. cxb5
{[%clk 0:29:02]} Bxb5 {[%clk 0:28:42]} 26. Rd1 {[%clk 0:27:59]} Nd3
{[%clk 0:28:06]} 27. Bd2 {[%clk 0:24:09]} Ne5 {[%clk 0:24:22]} 28. Nd4
{[%clk 0:22:50]} Rd7 {[%clk 0:24:41]} 29. Kh1 {[%clk 0:20:39]} Nxf3
{[%clk 0:24:28]} 30. Nxf3 {[%clk 0:20:34]} Qd8 {[%clk 0:24:05]} 31. Re1
{[%clk 0:19:14]} Bc4 {[%clk 0:21:41]} 32. Ra4 {[%clk 0:18:21]} Bb5
{[%clk 0:22:07]} 33. Ra2 {[%clk 0:18:33]} Bc6 {[%clk 0:22:24]} 34. Nd4
{[%clk 0:18:55]} Bd5 {[%clk 0:22:07]} 35. Rb2 {[%clk 0:18:51]} Be5
{[%clk 0:20:20]} 36. Bc3 {[%clk 0:12:19]} Rc7 {[%clk 0:16:22]} 37. Qd3
{[%clk 0:12:00]} Qh4 {[%clk 0:15:11]} 38. Nf3 {[%clk 0:12:24]} Bxf3
{[%clk 0:15:32]} 0-1

[Event "13th Khazar International Open Chess Tournament - "]
[Site "Rasht, Iran"]
[Date "2015.02.16"]
[Round "7"]
[Board "2"]
[White "Mosadeghpour, Masoud"]
[Black "Mahjoob, Morteza"]
[Result "1-0"]
[WhiteElo "2325"]
[BlackElo "2392"]
[PlyCount "0"]
[EventDate "2015.02.11"]
[EventRounds "9"]
[EventCountry "IRI"]

1. Nf3 c5 {[%clk 1:25:15]} 2. g3 {[%clk 1:23:41]} Nc6 {[%clk 1:25:11]} 3. d4
{[%clk 1:23:46]} cxd4 {[%clk 1:25:32]} 4. Nxd4 {[%clk 1:24:08]} g6
{[%clk 1:25:46]} 5. Bg2 {[%clk 1:22:43]} Bg7 {[%clk 1:26:03]} 6. c3
{[%clk 1:20:27]} Nf6 {[%clk 1:25:57]} 7. O-O {[%clk 1:16:57]} O-O
{[%clk 1:26:20]} 8. Na3 {[%clk 1:03:13]} Qc7 {[%clk 1:01:54]} 9. Nab5
{[%clk 0:54:55]} Qb8 {[%clk 0:59:52]} 10. c4 {[%clk 0:52:34]} a6 {[%clk 0:50:54]}
11. Nc3 {[%clk 0:50:54]} d6 {[%clk 0:51:19]} 12. Nxc6 {[%clk 0:45:39]} bxc6
{[%clk 0:51:45]} 13. Bxc6 {[%clk 0:45:59]} Bb7 {[%clk 0:52:13]} 14. Nd5
{[%clk 0:38:51]} Nxd5 {[%clk 0:47:28]} 15. Bxd5 {[%clk 0:38:51]} Rc8
{[%clk 0:41:26]} 16. Rb1 {[%clk 0:37:18]} Bxd5 {[%clk 0:34:52]} 17. Qxd5
{[%clk 0:36:39]} Rc5 {[%clk 0:35:10]} 18. Qe4 {[%clk 0:36:25]} Re5
{[%clk 0:34:28]} 19. Qf3 {[%clk 0:35:37]} Rf5 {[%clk 0:33:22]} 20. Qe4
{[%clk 0:34:46]} Re5 {[%clk 0:33:43]} 21. Qd3 {[%clk 0:35:10]} Ra5
{[%clk 0:33:01]} 22. a3 {[%clk 0:34:48]} Qc8 {[%clk 0:32:51]} 23. b4
{[%clk 0:30:17]} Rh5 {[%clk 0:32:33]} 24. f3 {[%clk 0:30:21]} Qe6
{[%clk 0:23:32]} 25. g4 {[%clk 0:24:19]} Re5 {[%clk 0:23:18]} 26. e4
{[%clk 0:24:39]} f5 {[%clk 0:23:16]} 27. exf5 {[%clk 0:25:08]} gxf5
{[%clk 0:23:36]} 28. Bf4 {[%clk 0:25:34]} fxg4 {[%clk 0:20:51]} 29. Bxe5
{[%clk 0:25:46]} Bxe5 {[%clk 0:21:19]} 30. Qd5 {[%clk 0:25:41]} Qxd5
{[%clk 0:21:27]} 31. cxd5 {[%clk 0:26:09]} g3 {[%clk 0:20:55]} 32. hxg3
{[%clk 0:17:40]} Bxg3 {[%clk 0:21:20]} 33. a4 {[%clk 0:17:50]} Be5
{[%clk 0:21:04]} 34. Rfd1 {[%clk 0:17:20]} Kf7 {[%clk 0:19:53]} 35. Kg2
{[%clk 0:11:10]} Ke8 {[%clk 0:20:07]} 36. Rh1 {[%clk 0:10:47]} Kd7
{[%clk 0:19:05]} 37. Rxh7 {[%clk 0:09:35]} Rg8+ {[%clk 0:19:01]} 38. Kh1
{[%clk 0:09:35]} Rc8 {[%clk 0:11:44]} 39. b5 {[%clk 0:08:00]} axb5
{[%clk 0:12:10]} 40. axb5 {[%clk 0:08:25]} Rb8 {[%clk 0:08:34]} 41. b6
{[%clk 0:07:54]} Rb7 {[%clk 0:07:28]} 42. Kg2 {[%clk 0:06:42]} Bd4
{[%clk 0:07:38]} 43. Kh3 {[%clk 0:06:45]} Rxb6 {[%clk 0:05:03]} 44. Rxb6
{[%clk 0:07:03]} Bxb6 {[%clk 0:05:31]} 45. Kg4 {[%clk 0:07:26]} Bd4
{[%clk 0:05:50]} 46. Kf5 {[%clk 0:07:48]} Bf6 {[%clk 0:05:37]} 47. Rh1
{[%clk 0:07:22]} Bd4 {[%clk 0:05:56]} 48. Kg6 {[%clk 0:07:16]} Be5
{[%clk 0:06:03]} 49. Kf7 {[%clk 0:07:31]} Bf6 {[%clk 0:06:26]} 50. Rh6
{[%clk 0:07:17]} Bg5 {[%clk 0:06:20]} 51. Rh8 {[%clk 0:07:24]} Bf6
{[%clk 0:06:33]} 52. Ra8 {[%clk 0:07:36]} Bd4 {[%clk 0:06:52]} 53. f4
{[%clk 0:07:29]} Bf6 {[%clk 0:05:49]} 54. Ra7+ {[%clk 0:07:49]} Kd8
{[%clk 0:06:16]} 55. Ke6 {[%clk 0:08:11]} Bh4 {[%clk 0:06:40]} 56. Ra8+
{[%clk 0:08:36]} Kc7 {[%clk 0:06:52]} 57. Re8 {[%clk 0:09:01]} 1-0

[Event "13th Khazar International Open Chess Tournament - "]
[Site "Rasht, Iran"]
[Date "2015.02.16"]
[Round "7"]
[Board "3"]
[White "Tarlev, Konstantin"]
[Black "Lazarev, Vladimir"]
[Result "1/2-1/2"]
[WhiteElo "2557"]
[BlackElo "2361"]
[PlyCount "0"]
[EventDate "2015.02.11"]
[EventRounds "9"]
[EventCountry "IRI"]

1. e4 {[%clk 1:30:57]} c5 {[%clk 1:23:30]} 2. Nf3 {[%clk 1:31:23]} Nc6
{[%clk 1:23:14]} 3. Bb5 {[%clk 1:31:45]} g6 {[%clk 1:22:37]} 4. Bxc6
{[%clk 1:27:27]} dxc6 {[%clk 1:20:48]} 5. h3 {[%clk 1:27:35]} Bg7
{[%clk 1:20:27]} 6. d3 {[%clk 1:27:46]} Nf6 {[%clk 1:17:46]} 7. Nc3
{[%clk 1:27:13]} Nd7 {[%clk 1:17:02]} 8. Be3 {[%clk 1:27:40]} e5 {[%clk 1:16:11]}
9. Qd2 {[%clk 1:18:15]} Qe7 {[%clk 1:08:53]} 10. Bh6 {[%clk 1:17:16]} f6
{[%clk 1:08:51]} 11. Bxg7 {[%clk 1:16:37]} Qxg7 {[%clk 1:09:14]} 12. Nh2
{[%clk 1:08:12]} Nf8 {[%clk 1:02:51]} 13. f4 {[%clk 0:49:43]} exf4
{[%clk 1:02:47]} 14. Qxf4 {[%clk 0:50:10]} Ne6 {[%clk 1:03:04]} 15. Qh4
{[%clk 0:48:27]} Nd4 {[%clk 0:53:58]} 16. O-O-O {[%clk 0:47:42]} Be6
{[%clk 0:51:32]} 17. Ng4 {[%clk 0:45:39]} O-O {[%clk 0:47:22]} 18. Rdf1
{[%clk 0:45:19]} f5 {[%clk 0:44:27]} 19. exf5 {[%clk 0:33:19]} Nxf5
{[%clk 0:35:50]} 20. Qg5 {[%clk 0:32:23]} c4 {[%clk 0:21:48]} 21. Re1
{[%clk 0:31:44]} Bd5 {[%clk 0:15:06]} 22. dxc4 {[%clk 0:22:16]} Bxc4
{[%clk 0:10:27]} 23. Ne3 {[%clk 0:09:17]} h6 {[%clk 0:05:33]} 24. Qg4
{[%clk 0:08:43]} Be6 {[%clk 0:05:31]} 25. Nxf5 {[%clk 0:08:21]} Bxf5
{[%clk 0:05:53]} 26. Qc4+ {[%clk 0:07:24]} Kh8 {[%clk 0:05:10]} 27. g4
{[%clk 0:07:16]} Bd7 {[%clk 0:05:17]} 28. Qb4 {[%clk 0:06:52]} b6
{[%clk 0:04:14]} 29. Re7 {[%clk 0:03:20]} Rf7 {[%clk 0:04:30]} 30. Rxf7
{[%clk 0:03:10]} Qxf7 {[%clk 0:04:59]} 31. Qd4+ {[%clk 0:03:13]} Qg7
{[%clk 0:03:21]} 32. Qd6 {[%clk 0:03:18]} Re8 {[%clk 0:01:46]} 33. Rf1
{[%clk 0:03:05]} Re7 {[%clk 0:01:21]} 34. a4 {[%clk 0:02:35]} Be8
{[%clk 0:01:07]} 35. Kb1 {[%clk 0:03:03]} Qe5 1/2-1/2

[Event "13th Khazar International Open Chess Tournament - "]
[Site "Rasht, Iran"]
[Date "2015.02.16"]
[Round "7"]
[Board "4"]
[White "Bagheri, Maziar"]
[Black "Mirzoev, Azer"]
[Result "0-1"]
[WhiteElo "2188"]
[BlackElo "2556"]
[PlyCount "0"]
[EventDate "2015.02.11"]
[EventRounds "9"]
[EventCountry "IRI"]

1. Nf3 {[%clk 1:30:57]} d5 {[%clk 1:29:44]} 2. d4 {[%clk 1:31:08]} Nf6
{[%clk 1:29:48]} 3. c4 {[%clk 1:31:28]} c6 {[%clk 1:29:46]} 4. Nc3
{[%clk 1:31:51]} a6 {[%clk 1:30:11]} 5. c5 {[%clk 1:31:58]} Bf5 {[%clk 1:30:34]}
6. Bf4 {[%clk 1:31:09]} Nbd7 {[%clk 1:30:57]} 7. e3 {[%clk 1:30:52]} e6
{[%clk 1:28:19]} 8. Be2 {[%clk 1:22:59]} Be7 {[%clk 1:24:16]} 9. O-O
{[%clk 1:20:44]} O-O {[%clk 1:19:49]} 10. Rc1 {[%clk 1:19:41]} h6
{[%clk 1:17:12]} 11. Nd2 {[%clk 1:10:22]} Re8 {[%clk 1:16:33]} 12. f3
{[%clk 1:04:07]} Bh7 {[%clk 1:12:59]} 13. e4 {[%clk 1:01:20]} dxe4
{[%clk 1:12:48]} 14. fxe4 {[%clk 0:56:25]} e5 {[%clk 1:08:02]} 15. Bg3
{[%clk 0:42:21]} exd4 {[%clk 1:03:35]} 16. Na4 {[%clk 0:42:43]} Nxe4
{[%clk 0:56:30]} 17. Nxe4 {[%clk 0:31:13]} Bxe4 {[%clk 0:56:22]} 18. Bc4
{[%clk 0:31:41]} Bf6 {[%clk 0:50:17]} 19. Qb3 {[%clk 0:31:50]} Ne5
{[%clk 0:48:55]} 20. Bxe5 {[%clk 0:25:55]} Rxe5 {[%clk 0:49:10]} 21. Bxf7+
{[%clk 0:26:01]} Kh8 {[%clk 0:49:30]} 22. Nb6 {[%clk 0:26:12]} Rb8
{[%clk 0:49:42]} 23. Rf2 {[%clk 0:18:18]} Bh4 {[%clk 0:45:47]} 24. g3
{[%clk 0:17:36]} Bg5 {[%clk 0:46:14]} 25. Nc4 {[%clk 0:17:54]} Bxc1
{[%clk 0:38:43]} 26. Nxe5 {[%clk 0:17:51]} Be3 {[%clk 0:38:47]} 0-1

[Event "13th Khazar International Open Chess Tournament - "]
[Site "Rasht, Iran"]
[Date "2015.02.16"]
[Round "7"]
[Board "5"]
[White "Pourramezanali, Amirreza"]
[Black "Ziatdinov, Raset"]
[Result "1-0"]
[WhiteElo "2432"]
[BlackElo "2345"]
[PlyCount "0"]
[EventDate "2015.02.11"]
[EventRounds "9"]
[EventCountry "IRI"]

1. d4 {[%clk 1:30:58]} Nf6 {[%clk 1:30:47]} 2. Nf3 {[%clk 1:30:47]} c5
{[%clk 1:30:58]} 3. c3 {[%clk 1:31:11]} b6 {[%clk 1:30:55]} 4. Bf4
{[%clk 1:31:30]} Bb7 {[%clk 1:30:21]} 5. e3 {[%clk 1:31:52]} g6 {[%clk 1:29:34]}
6. Nbd2 {[%clk 1:31:51]} Bg7 {[%clk 1:29:53]} 7. Bd3 {[%clk 1:32:14]} O-O
{[%clk 1:29:16]} 8. O-O {[%clk 1:32:26]} d6 {[%clk 1:29:20]} 9. h3
{[%clk 1:32:48]} Re8 {[%clk 1:28:22]} 10. Bh2 {[%clk 1:32:19]} Nc6
{[%clk 1:24:59]} 11. Qe2 {[%clk 1:30:42]} e5 {[%clk 1:20:45]} 12. dxe5
{[%clk 1:30:54]} dxe5 {[%clk 1:21:13]} 13. e4 {[%clk 1:31:16]} Nh5
{[%clk 1:18:45]} 14. Rad1 {[%clk 1:22:17]} Qc7 {[%clk 1:13:01]} 15. Ba6
{[%clk 1:20:32]} Nf4 {[%clk 1:08:50]} 16. Bxf4 {[%clk 1:20:40]} exf4
{[%clk 1:09:18]} 17. Bxb7 {[%clk 1:21:03]} Qxb7 {[%clk 1:09:46]} 18. Nc4
{[%clk 1:10:24]} Qa6 {[%clk 1:09:24]} 19. Rfe1 {[%clk 1:10:17]} Re7
{[%clk 0:58:39]} 20. Nd6 {[%clk 1:03:22]} Qxe2 {[%clk 0:53:50]} 21. Rxe2
{[%clk 1:03:49]} f5 {[%clk 0:51:08]} 22. Kf1 {[%clk 0:59:04]} fxe4
{[%clk 0:51:15]} 23. Nxe4 {[%clk 0:56:14]} Na5 {[%clk 0:48:16]} 24. Nd6
{[%clk 0:54:59]} Rd7 {[%clk 0:44:11]} 25. Red2 {[%clk 0:51:10]} h6
{[%clk 0:38:53]} 26. h4 {[%clk 0:45:46]} Kf8 {[%clk 0:32:40]} 27. h5
{[%clk 0:45:13]} gxh5 {[%clk 0:31:55]} 28. Nh4 {[%clk 0:44:56]} Kg8
{[%clk 0:29:31]} 29. Ne4 {[%clk 0:33:36]} Rxd2 {[%clk 0:20:06]} 30. Rxd2
{[%clk 0:33:42]} Re8 {[%clk 0:18:08]} 31. f3 {[%clk 0:33:50]} Rf8
{[%clk 0:12:00]} 32. b3 {[%clk 0:27:10]} Nc6 {[%clk 0:10:33]} 33. Ng6
{[%clk 0:25:41]} Rf7 {[%clk 0:07:29]} 34. Rd6 {[%clk 0:18:40]} Ne7
{[%clk 0:07:48]} 35. Nh4 {[%clk 0:19:09]} Nf5 {[%clk 0:05:49]} 36. Rd8+
{[%clk 0:16:09]} Bf8 {[%clk 0:05:14]} 37. Nxf5 {[%clk 0:16:32]} Rxf5
{[%clk 0:05:36]} 38. Rd7 {[%clk 0:16:35]} Rf7 {[%clk 0:04:39]} 39. Rd5
{[%clk 0:17:04]} h4 {[%clk 0:04:00]} 40. Rh5 {[%clk 0:16:27]} c4 {[%clk 0:03:25]}
41. b4 {[%clk 0:16:26]} Bg7 {[%clk 0:02:55]} 42. Rd5 {[%clk 0:15:35]} Kh7
{[%clk 0:02:39]} 43. a4 {[%clk 0:15:25]} Kg6 {[%clk 0:02:42]} 44. Kg1
{[%clk 0:15:51]} Bf8 {[%clk 0:02:36]} 45. Kh2 {[%clk 0:15:21]} Rc7
{[%clk 0:02:06]} 46. Kh3 {[%clk 0:13:56]} Rf7 {[%clk 0:02:15]} 47. Kxh4
{[%clk 0:14:10]} Rf5 {[%clk 0:02:43]} 48. Rd2 {[%clk 0:12:14]} Be7+
{[%clk 0:02:49]} 49. Kg4 {[%clk 0:12:34]} h5+ {[%clk 0:03:14]} 50. Kh3
{[%clk 0:13:02]} a6 {[%clk 0:02:19]} 51. Rd7 {[%clk 0:13:31]} Re5
{[%clk 0:02:28]} 52. Ra7 {[%clk 0:13:26]} a5 {[%clk 0:02:47]} 53. bxa5
{[%clk 0:09:53]} bxa5 {[%clk 0:03:14]} 54. Rc7 {[%clk 0:10:17]} Re6
{[%clk 0:02:04]} 55. Rxc4 {[%clk 0:10:33]} Rb6 {[%clk 0:02:17]} 56. Rc7
{[%clk 0:10:07]} Kf7 {[%clk 0:02:21]} 57. Ra7 {[%clk 0:10:19]} Rb1
{[%clk 0:01:51]} 58. Kh2 {[%clk 0:10:48]} Ra1 {[%clk 0:01:13]} 59. Rxa5
{[%clk 0:11:11]} Kg6 {[%clk 0:01:29]} 60. Ra6+ {[%clk 0:11:34]} Kf5
{[%clk 0:01:26]} 61. Rh6 {[%clk 0:10:51]} h4 {[%clk 0:01:52]} 62. a5
{[%clk 0:11:13]} Bd8 {[%clk 0:01:52]} 63. a6 {[%clk 0:11:36]} Bc7
{[%clk 0:01:53]} 64. c4 {[%clk 0:11:22]} Be5 {[%clk 0:01:30]} 65. Rxh4
{[%clk 0:11:44]} Bd4 {[%clk 0:01:56]} 66. Rh5+ {[%clk 0:11:51]} Ke6
{[%clk 0:01:55]} 67. Kh3 {[%clk 0:11:36]} Be3 {[%clk 0:01:58]} 68. Kg4
{[%clk 0:11:51]} Ra2 {[%clk 0:02:22]} 69. Kh3 {[%clk 0:11:29]} Ra1
{[%clk 0:02:42]} 70. c5 {[%clk 0:11:27]} Kf7 {[%clk 0:02:43]} 71. c6
{[%clk 0:09:38]} Rc1 {[%clk 0:02:02]} 72. a7 {[%clk 0:09:52]} Bd4
{[%clk 0:01:18]} 1-0

[Event "13th Khazar International Open Chess Tournament - "]
[Site "Rasht, Iran"]
[Date "2015.02.16"]
[Round "7"]
[Board "6"]
[White "Zeynalli, Rashad"]
[Black "Mousavi, Seyed Khalil"]
[Result "0-1"]
[WhiteElo "2121"]
[BlackElo "2285"]
[PlyCount "0"]
[EventDate "2015.02.11"]
[EventRounds "9"]
[EventCountry "IRI"]

1. d4 {[%clk 1:30:56]} Nf6 {[%clk 1:29:01]} 2. Bf4 {[%clk 1:30:51]} c5
{[%clk 1:29:24]} 3. e3 {[%clk 1:31:11]} d5 {[%clk 1:29:30]} 4. Nf3
{[%clk 1:29:42]} Nc6 {[%clk 1:29:08]} 5. c3 {[%clk 1:26:54]} g6 {[%clk 1:27:30]}
6. Be2 {[%clk 1:24:43]} Bg7 {[%clk 1:25:45]} 7. Ne5 {[%clk 1:22:32]} O-O
{[%clk 1:21:58]} 8. Nd2 {[%clk 1:20:37]} Nxe5 {[%clk 1:10:47]} 9. Bxe5
{[%clk 1:19:13]} Nd7 {[%clk 1:10:33]} 10. Bxg7 {[%clk 1:17:39]} Kxg7
{[%clk 1:10:07]} 11. Nb3 {[%clk 1:15:20]} c4 {[%clk 1:01:27]} 12. Nd2
{[%clk 1:15:32]} b5 {[%clk 1:01:48]} 13. a4 {[%clk 1:10:59]} bxa4
{[%clk 0:55:25]} 14. Qxa4 {[%clk 1:04:40]} a5 {[%clk 0:53:21]} 15. Qb5
{[%clk 0:56:27]} e6 {[%clk 0:45:56]} 16. e4 {[%clk 0:53:27]} Rb8 {[%clk 0:39:02]}
17. Qxa5 {[%clk 0:52:25]} Rxb2 {[%clk 0:38:35]} 18. Qxd8 {[%clk 0:47:33]} Rxd8
{[%clk 0:38:18]} 19. exd5 {[%clk 0:47:44]} exd5 {[%clk 0:38:46]} 20. Kd1
{[%clk 0:48:12]} Nf6 {[%clk 0:33:44]} 21. Kc1 {[%clk 0:41:59]} Rb8
{[%clk 0:31:05]} 22. h3 {[%clk 0:36:24]} Re8 {[%clk 0:28:11]} 23. Bf3
{[%clk 0:36:05]} Bf5 {[%clk 0:27:00]} 24. Ra5 {[%clk 0:34:37]} Rb6
{[%clk 0:24:42]} 25. g4 {[%clk 0:32:00]} Bd3 {[%clk 0:24:27]} 26. g5
{[%clk 0:28:53]} Nh5 {[%clk 0:17:38]} 27. Bxd5 {[%clk 0:23:28]} Nf4
{[%clk 0:17:08]} 28. Bf3 {[%clk 0:23:57]} Ne2+ {[%clk 0:08:33]} 29. Bxe2
{[%clk 0:23:24]} Rxe2 {[%clk 0:09:01]} 30. Ra8 {[%clk 0:13:35]} Rb3
{[%clk 0:07:12]} 31. Nxb3 {[%clk 0:09:24]} cxb3 {[%clk 0:07:14]} 32. Rb8
{[%clk 0:09:53]} Rc2+ {[%clk 0:07:14]} 33. Kd1 {[%clk 0:10:23]} b2
{[%clk 0:03:44]} 34. d5 {[%clk 0:10:52]} Rc1+ {[%clk 0:02:32]} 35. Kd2
{[%clk 0:11:21]} 0-1